Biblioteca

Aimee Semple Mcpherson y su legado a la Iglesia Cristiana Cuadrangular en Colombia / Pedro Ángel Caicedo (Registro nro. 31766)

Detalles MARC
000 -LÍDER
Campo fijo de descripción fija 004640000a22001450004500
041 0# - CÓDIGO DE IDIOMA
Código de idioma para texto/pista de sonido o título separado
082 04 - NÚMERO DE CLASIFICACIÓN DECIMAL DEWEY
Número de clasificación R 261.91 D41320d
001 - NÚMERO DE CONTROL
Campo de control 229
100 1# - ASIENTO PRINCIPAL--NOMBRE PERSONAL
Nombre personal Caicedo Celis, Pedro Ángel
245 10 - TÍTULO
Título del Material Aimee Semple Mcpherson y su legado a la Iglesia Cristiana Cuadrangular en Colombia / Pedro Ángel Caicedo
260 ## - PUBLICACIÓN, DISTRIBUCIÓN, ETC. (PIE DE IMPRENTA)
Lugar de publicación, distribución, etc. Medellín, Colombia : Seminario Bíblico de Colombia
300 ## - DESCRIPCIÓN FÍSICA
Extensión 72 Pag.
650 14 - ASIENTO SECUNDARIO DE MATERIA - TERMINO TEMÁTICO
Término temático o nombre geográfico como elemento de entrada IGLESIA - DENOMINACIONES \ IGLESIA - HISTORIA
942 ## - TIPO DE MATERIAL (KOHA)
Tipo de Item KOHA Libros General
Existencias
Estado de Material Estado de Perdido Estado de Dañado No para Préstamo Colección Tomo Biblioteca de Origen Biblioteca Permanente Fecha de Adquisición Total de Préstamos Signatura Topográfica Código de Barras Última vez visto Ejemplar/Existencia Fecha de Remplazo Tipo de Material
        Colección de Referencia   Biblioteca FUSBC Biblioteca FUSBC 06/09/2004   R 261.91 D41320d 27443 14/10/2021 1 26/01/2016 Libros de Referencia

Biblioteca FUSBC | Teléfono: (57+4) 349 88 10 Ext. 141| WhatsApp (+57) 3005338115 
E-mail: biblioteca@unisbc.edu.co | Calle 76 87-14 Robledo Palenque, Medellín, Colombia

Con tecnología Koha